Countries With a Population Under 1 Million - Sudden Death - Statistics

General Stats
  • This quiz has been taken 82,619 times
  • The average score is 10 of 16
Answers on the Grid
Answers color-coded by a green-red scale on the quiz's grid according to % correct below.
Andorra
Armenia
Barbados
Belize
Bhutan
Brunei
Costa Rica
Croatia
Gabon
Iceland
Jamaica
Kiribati
Laos
Libya
Liechtenstein
Lithuania
Luxembourg
Namibia
Nauru
Nepal
North Korea
Saint Lucia
Samoa
Seychelles
Singapore
Spain
Suriname
Tuvalu
Uruguay
Vatican City
 
Answer Stats
Answer % Correct
1,000 Vatican City
78%
12,000 Nauru
73%
10,000 Tuvalu
73%
180,000 Saint Lucia
72%
82,000 Andorra
71%
40,000 Liechtenstein
71%
136,000 Kiribati
70%
219,000 Samoa
69%
132,000 Seychelles
67%
676,000 Luxembourg
64%
283,000 Barbados
62%
396,000 Iceland
61%
465,000 Brunei
56%
793,000 Bhutan
45%
420,000 Belize
44%
636,000 Suriname
39%
No matching quizzes found
Score Distribution
Percent of People with Each Score
Percentile by Number Answered
Your Score History
You have not taken this quiz